Emotion (Record n. 102127)

Dettagli MARC
000 -LEADER
fixed length control field 01161njm a2200313Ia 4500
001 - CONTROL NUMBER
control field 25803
003 - CONTROL NUMBER IDENTIFIER
control field IT-RoPAU
005 - DATE AND TIME OF LATEST TRANSACTION
control field 20220918181151.0
008 - FIXED-LENGTH DATA ELEMENTS--GENERAL INFORMATION
fixed length control field 131025s9999 xx 000 0 und d
040 ## - CATALOGING SOURCE
Original cataloging agency IT-RoPAU
040 ## - CATALOGING SOURCE
Transcribing agency IT-RoPAU
041 ## - LANGUAGE CODE
Language code of text/sound track or separate title INGLESE
999 ## - SYSTEM CONTROL NUMBERS (KOHA)
Koha Dewey Subclass [OBSOLETE] NO
100 ## - MAIN ENTRY--PERSONAL NAME
Personal name Streisand Barbra
9 (RLIN) 14408
100 ## - MAIN ENTRY--PERSONAL NAME
Relator term Autore musica
9 (RLIN) 14409
100 ## - MAIN ENTRY--PERSONAL NAME
Miscellaneous information Codice autore musica SPICS: 8218
9 (RLIN) 14410
245 ## - TITLE STATEMENT
Title Emotion
250 ## - EDITION STATEMENT
Edition statement 1a ed.
260 ## - PUBLICATION, DISTRIBUTION, ETC. (IMPRINT)
Place of publication, distribution, etc. ROMA
260 ## - PUBLICATION, DISTRIBUTION, ETC. (IMPRINT)
Name of publisher, distributor, etc. SPICS RECORDS
Date of publication, distribution, etc. 1984 [1a Ed.:1984 - Ed. Lingua Orig.: 1984]
300 ## - PHYSICAL DESCRIPTION
Extent MUSICASSETTA
300 ## - PHYSICAL DESCRIPTION
Dimensions 46 minuti (Testo: pag.)
500 ## - GENERAL NOTE
General note Musica pop. Canzone americana
505 ## - FORMATTED CONTENTS NOTE
Formatted contents note Emotion - Make No Mistake, He's Mine - Time Machine - Best I Could - Left In the Dark - Heart Don't Chenge My Mind - When I Dream - You're A Step In the Right Direction - Clear Sailing - Here We Are At Last
650 ## - SUBJECT ADDED ENTRY--TOPICAL TERM
Topical term or geographic name as entry element POP [CASSETTE]
Relator term Codice MATERIA SPICS: 9951
9 (RLIN) 1073
700 ## - ADDED ENTRY--PERSONAL NAME
Personal name Streisand Barbra
Relator term Autore testo e musica
Miscellaneous information Codice autore testo/musica SPICS: 8218
9 (RLIN) 14411
700 ## - ADDED ENTRY--PERSONAL NAME
Personal name Streisand Barbra
Miscellaneous information Codice interprete SPICS: 8218
Relator term Interprete
9 (RLIN) 14412
942 ## - ADDED ENTRY ELEMENTS (KOHA)
Koha item type MUSICASSETTE
Source of classification or shelving scheme Dewey Decimal Classification
Dati di copia
Withdrawn status Lost status Damaged status Not for loan Home library Current library Date acquired Total Checkouts Full call number Date last seen Price effective from Koha item type Public note
    Buone Condizioni Not For Loan SPICS-MEDIATECA SPICS-MEDIATECA 25/10/2013   25803 25/10/2013 25/10/2013 MUSICASSETTE Progr. Ins.: 5676 / N.Vol.: 1 / Copie: 1 - Copia rara: NO / date import: 01.01.2014 - By Epidotti, Trombetti, Vaglietti
CREDITS: SOCIETA' SAN PAOLO Via A.Severo, 58 - ROMA (RM) & PERIODICI SAN PAOLO SRL Via Giotto, 36 MILANO & CISF Via Giotto, 36 MILANO & EDIZIONI SAN PAOLO SRL,  Piazza Soncino, 5 CINISELLO BALSAMO (MI) -- ITALY